Вып. 56: Алгебраические структуры; Математические исследования

التفاصيل البيبلوغرافية
Parent link:Математические исследования: [сборник статей]/ Академия наук Молдавской ССР (АН МССР), Институт математики с вычислительным центром (ИМсВЦ). Вып. 56: Алгебраические структуры.— , 1978-1992
مؤلفون آخرون: Щербаков Б. А. (редактор)
اللغة:الروسية
منشور في: 1980
الموضوعات:
التنسيق: كتاب
KOHA link:https://koha.lib.tpu.ru/cgi-bin/koha/opac-detail.pl?biblionumber=221698

MARC

LEADER 00000nam2a2200000 4500
001 221698
005 20231031195809.0
035 |a (RuTPU)RU\TPU\book\241875 
035 |a RU\TPU\book\241728 
090 |a 221698 
100 |a 20120913d1980 k y0rusy5003 ca 
101 0 |a rus 
102 |a MD 
105 |a a z 001zy 
200 0 |a Вып. 56: Алгебраические структуры  |f отв. ред. Б. А. Щербаков 
210 |d 1980 
215 |a 163 с.  |c ил. 
320 |a Библиогр. в конце ст. 
461 1 |0 (RuTPU)RU\TPU\book\32357  |t Математические исследования  |o [сборник статей]  |f Академия наук Молдавской ССР (АН МССР), Институт математики с вычислительным центром (ИМсВЦ)  |v Вып. 56: Алгебраические структуры  |d 1978-1992 
610 1 |a математика 
610 1 |a кольца 
610 1 |a алгебра 
610 1 |a модули 
610 1 |a теория 
675 |a 51  |v 3 
675 |a 512.5  |v 3 
702 1 |a Щербаков  |b Б. А.  |4 340 
801 0 |a RU  |b RuMRKP  |c 19950417  |g psbo 
801 1 |a RU  |b 63413507  |c 20100730 
801 2 |a RU  |b 63413507  |c 20140110  |g RCR 
942 |c BK